| 000 | 00644nam a2200217Ia 4500 | ||
|---|---|---|---|
| 005 | 20250508164639.0 | ||
| 008 | 008 250505s9999 xx 000 0 eng d | ||
| 020 | _a978-81-317-0722-7 | ||
| 037 | _aTextual | ||
| 040 |
_aFEDL _beng _cFEDL |
||
| 041 |
_aeng _2eng |
||
| 084 |
_a373.1, MER _qFEDL |
||
| 100 |
_aMertens Steven B (et al) Ed. _9778731 |
||
| 245 | 0 | _aYoung adolescent and the middle school | |
| 260 |
_aNorth Carolina, USA _bInformation Age Publishers |
||
| 300 | _axxxiii,373p. | ||
| 365 |
_aUSD _b39.99 |
||
| 650 |
_aMiddle school students _9666877 |
||
| 942 |
_cTEXL _h373.1, MER |
||
| 999 |
_c1390313 _d1390313 |
||